[Event "European Team-ch 2007"]
[Site "Crete GRE"]
[Date "2007.11.04"]
[Round "7.19"]
[White "Savva, Panikos"]
[Black "Efimov, Igor"]
[Result "0-1"]
[WhiteElo "2099"]
[BlackElo "2446"]
[PlyCount "140"]
[EventDate "2007.10.28"]
[EventType "team"]
[EventRounds "9"]
[EventCountry "GRE"]
[Source "lmi"]
[SourceDate "2007.10.28"]
[WhiteTeam "Cyprus"]
[BlackTeam "Monaco"]
[WhiteTeamCountry "CYP"]
[BlackTeamCountry "MNC"]

1. d4 Nf6 2. Nf3 e6 3. c4 Bb4+ 4. Bd2 a5 5. Nc3 Nc6 6. g3 d6 7. Bg2 e5 8. dxe5
dxe5 9. O-O O-O 10. Ne1 Be6 11. b3 Bf5 12. a3 Bc5 13. Nd5 h6 14. Be3 Nd4 15.
Nd3 Nxd5 16. Bxd5 Bxd3 17. Qxd3 c6 18. Bg2 Qe7 19. Bxd4 exd4 20. a4 Rae8 21.
Ra2 f5 22. Bf3 g6 23. Kg2 h5 24. h4 Kg7 25. Rh1 Rf6 26. Qd2 Qc7 27. Qg5 Re5 28.
Qd2 f4 29. g4 hxg4 30. Bxg4 Qd8 31. Qd3 Rf8 32. Rh3 Rh8 33. Ra1 Be7 34. Rah1
Bxh4 35. Rd1 c5 36. Qf3 Qe7 37. Rdh1 g5 38. Qd3 Rh6 39. Qf3 Rb6 40. Qd3 Qf6 41.
Qd2 Rb4 42. Qd3 Kf8 43. Qh7 Re7 44. Qd3 Ke8 45. Qf3 Qd6 46. Qd3 Kd8 47. Qf5 Kc7
48. Qc8+ Kb6 49. Rd3 Ka7 50. Rdh3 Rb6 51. Qf5 Qc7 52. Qd3 Rf6 53. Qf3 Re5 54.
Rd1 Rf7 55. Rd2 Qb6 56. Qd3 Bxf2 57. Kxf2 Re3 58. Qb1 Rxh3 59. Bxh3 Qh6 60. Bg2
g4 61. Qd3 f3 62. exf3 gxf3 63. Bxf3 Qh2+ 64. Ke1 Qg1+ 65. Ke2 Re7+ 66. Be4
Qg4+ 67. Kf1 Rxe4 68. Rf2 Re3 69. Qd2 Ka6 70. Rf6+ b6 0-1

[Event "European Team-ch 2007"]
[Site "Crete GRE"]
[Date "2007.11.04"]
[Round "7.19"]
[White "Van Hoolandt, Patrick"]
[Black "Antoniou, Antonis"]
[Result "0-1"]
[WhiteElo "2245"]
[BlackElo "2163"]
[PlyCount "82"]
[EventDate "2007.10.28"]
[EventType "team"]
[EventRounds "9"]
[EventCountry "GRE"]
[Source "lmi"]
[SourceDate "2007.10.28"]
[WhiteTeam "Monaco"]
[BlackTeam "Cyprus"]
[WhiteTeamCountry "MNC"]
[BlackTeamCountry "CYP"]

1. e4 e5 2. Nf3 Nc6 3. Bb5 Nf6 4. O-O Nxe4 5. d4 Nd6 6. Bxc6 dxc6 7. dxe5 Nf5
8. Qxd8+ Kxd8 9. Nc3 Ne7 10. h3 h6 11. Ne4 Ng6 12. Re1 c5 13. Be3 b6 14. Rad1+
Bd7 15. c4 Be7 16. Nc3 c6 17. Ne4 Kc7 18. Ng3 Rhd8 19. Nh5 Bf8 20. g4 Be6 21.
b3 Rxd1 22. Rxd1 Rd8 23. Rxd8 Kxd8 24. Nf4 Nxf4 25. Bxf4 b5 26. Nd2 Kc7 27. Kf1
Kb6 28. Ke2 Ka5 29. Kd3 Kb4 30. Be3 g5 31. f4 gxf4 32. Bxf4 Ka3 33. Be3 Kxa2
34. Kc3 a5 35. Ne4 b4+ 36. Kc2 h5 37. Nxc5 Bxc5 38. Bxc5 hxg4 39. hxg4 Bxg4 40.
Bb6 a4 41. bxa4 b3+ 0-1

[Event "European Team-ch 2007"]
[Site "Crete GRE"]
[Date "2007.11.04"]
[Round "7.19"]
[White "Klerides, Paris"]
[Black "Iclicki, Willy"]
[Result "1/2-1/2"]
[WhiteElo "2183"]
[BlackElo "2147"]
[PlyCount "95"]
[EventDate "2007.10.28"]
[EventType "team"]
[EventRounds "9"]
[EventCountry "GRE"]
[Source "lmi"]
[SourceDate "2007.10.28"]
[WhiteTeam "Cyprus"]
[BlackTeam "Monaco"]
[WhiteTeamCountry "CYP"]
[BlackTeamCountry "MNC"]

1. e4 c6 2. d4 d5 3. e5 c5 4. dxc5 Nc6 5. Bb5 e6 6. Be3 Nge7 7. c3 Bd7 8. Bxc6
Bxc6 9. Nf3 Nf5 10. Bd4 a5 11. a4 Nxd4 12. Qxd4 Be7 13. O-O O-O 14. Nbd2 Qc7
15. Rfe1 Rfc8 16. Re3 Bd7 17. Nb3 Rab8 18. Qd3 b6 19. cxb6 Rxb6 20. Nfd4 Rcb8
21. Qd1 R6b7 22. f4 Qd8 23. g4 Qe8 24. Nxa5 Rxb2 25. f5 Bg5 26. Re2 Rxe2 27.
Qxe2 Bxa4 28. fxe6 fxe6 29. c4 dxc4 30. Qxc4 Be3+ 31. Kg2 Rb2+ 32. Kh3 Bd7 33.
Qc3 Bxd4 34. Qxd4 Rb5 35. Nc4 Rd5 36. Qe3 Bb5 37. Nd6 Qb8 38. Rc1 Rd3 39. Qxd3
Bxd3 40. Rc8+ Qxc8 41. Nxc8 g5 42. Kg3 Kf7 43. Kf2 Kg6 44. Ke3 Bf1 45. Kf2 Bd3
46. Ne7+ Kf7 47. Nc8 Kg6 48. Ne7+ 1/2-1/2

[Event "European Team-ch 2007"]
[Site "Crete GRE"]
[Date "2007.11.04"]
[Round "7.19"]
[White "Rapaire, Jean-Michel"]
[Black "Kassinopoullos, Doros"]
[Result "0-1"]
[WhiteElo "1966"]
[BlackElo "2121"]
[PlyCount "106"]
[EventDate "2007.10.28"]
[EventType "team"]
[EventRounds "9"]
[EventCountry "GRE"]
[Source "lmi"]
[SourceDate "2007.10.28"]
[WhiteTeam "Monaco"]
[BlackTeam "Cyprus"]
[WhiteTeamCountry "MNC"]
[BlackTeamCountry "CYP"]

1. e4 c5 2. Nf3 Nc6 3. d4 cxd4 4. Nxd4 Nf6 5. Nc3 d6 6. g3 g6 7. Bg2 Bd7 8. O-O
Bg7 9. Nde2 O-O 10. h3 Rc8 11. Be3 Qa5 12. Nd4 Ne5 13. Nb3 Qc7 14. Nd2 a6 15.
Rc1 b5 16. f4 Nc6 17. a3 Rb8 18. Nd5 Nxd5 19. exd5 Na5 20. c3 Bf5 21. g4 Bd7
22. b4 Nc4 23. Nxc4 Qxc4 24. Bd4 Rfc8 25. Bxg7 Kxg7 26. Qd4+ Qxd4+ 27. cxd4 f6
28. Kf2 h6 29. Ke3 g5 30. f5 Kf7 31. Kd2 Ke8 32. Rxc8+ Rxc8 33. Rc1 Ra8 34. Kc3
a5 35. bxa5 Rxa5 36. Ra1 Ra4 37. Bf1 b4+ 38. Kb3 bxa3 39. Rxa3 Rxd4 40. Ra8+
Kf7 41. Rh8 Ba4+ 42. Kc3 Rf4 43. Be2 Re4 44. Kd3 Rb4 45. Bf3 Kg7 46. Ra8 Bb5+
47. Ke3 Rb3+ 48. Kf2 Bc4 49. Rc8 Rb2+ 50. Ke1 Ba2 51. Ra8 Rh2 52. Be4 Bc4 53.
Kd1 Rxh3 0-1

[Event "European Team-ch 2007"]
[Site "Crete GRE"]
[Date "2007.11.05"]
[Round "8.1"]
[White "Grischuk, Alexander"]
[Black "Vallejo Pons, Francisco"]
[Result "1/2-1/2"]
[WhiteElo "2715"]
[BlackElo "2660"]
[PlyCount "40"]
[EventDate "2007.10.28"]
[EventType "team"]
[EventRounds "9"]
[EventCountry "GRE"]
[Source "lmi"]
[SourceDate "2007.10.28"]
[WhiteTeam "Russia"]
[BlackTeam "Espana"]
[WhiteTeamCountry "RUS"]
[BlackTeamCountry "ESP"]

1. d4 d5 2. c4 c6 3. Nc3 Nf6 4. Nf3 e6 5. e3 Nbd7 6. Qc2 Bd6 7. b3 O-O 8. Be2
b6 9. O-O Bb7 10. Bb2 Rc8 11. Rad1 Qe7 12. Rfe1 c5 13. cxd5 exd5 14. Qf5 Qe6
15. Bd3 Rfe8 16. dxc5 bxc5 17. Ng5 Qe5 18. Nf3 Qe6 19. Ng5 Qe5 20. Nf3 Qe6
1/2-1/2

[Event "European Team-ch 2007"]
[Site "Crete GRE"]
[Date "2007.11.05"]
[Round "8.1"]
[White "Illescas Cordoba, Miguel"]
[Black "Alekseev, Evgeny"]
[Result "1/2-1/2"]
[WhiteElo "2598"]
[BlackElo "2716"]
[PlyCount "41"]
[EventDate "2007.10.28"]
[EventType "team"]
[EventRounds "9"]
[EventCountry "GRE"]
[Source "lmi"]
[SourceDate "2007.10.28"]
[WhiteTeam "Espana"]
[BlackTeam "Russia"]
[WhiteTeamCountry "ESP"]
[BlackTeamCountry "RUS"]

1. d4 Nf6 2. c4 e6 3. Nf3 b6 4. g3 Ba6 5. b3 Bb4+ 6. Bd2 Be7 7. Bg2 d5 8. cxd5
exd5 9. O-O O-O 10. Nc3 Bb7 11. Qc2 Na6 12. Rfd1 Qc8 13. Bg5 Rd8 14. Rac1 Qe6
15. Qb2 c5 16. e3 h6 17. Bxf6 Bxf6 18. a3 Qe7 19. Rc2 g6 20. h4 Bg7 21. Qc1
1/2-1/2

[Event "European Team-ch 2007"]
[Site "Crete GRE"]
[Date "2007.11.05"]
[Round "8.1"]
[White "Jakovenko, Dmitry"]
[Black "Khamrakulov, Ibragim S"]
[Result "1-0"]
[WhiteElo "2710"]
[BlackElo "2604"]
[PlyCount "83"]
[EventDate "2007.10.28"]
[EventType "team"]
[EventRounds "9"]
[EventCountry "GRE"]
[Source "lmi"]
[SourceDate "2007.10.28"]
[WhiteTeam "Russia"]
[BlackTeam "Espana"]
[WhiteTeamCountry "RUS"]
[BlackTeamCountry "ESP"]

1. d4 Nf6 2. c4 e6 3. Nf3 b6 4. g3 Ba6 5. Qc2 Bb7 6. Bg2 c5 7. d5 exd5 8. cxd5
Bxd5 9. Nc3 Bc6 10. O-O Be7 11. Rd1 O-O 12. e4 Na6 13. a3 Qc8 14. e5 Ne8 15.
Nd5 Bd8 16. Ng5 g6 17. Bf4 Nac7 18. Nxc7 Nxc7 19. Ne4 Be7 20. Rd2 Ne6 21. Be3
f5 22. exf6 Bxf6 23. Nxf6+ Rxf6 24. Rad1 Bxg2 25. Kxg2 Qb7+ 26. Kg1 Rf7 27. Rd6
Raf8 28. Qd3 Qf3 29. Rd2 Re8 30. Qf1 Ree7 31. R2d3 Qe4 32. Qd1 Nf8 33. h4 h5
34. Qd2 Kh7 35. b4 Ne6 36. bxc5 bxc5 37. R3d5 Qg4 38. Qc2 Nd4 39. Bxd4 Re1+ 40.
Kh2 Re2 41. Qxc5 Qf3 42. Rxd7 1-0

[Event "European Team-ch 2007"]
[Site "Crete GRE"]
[Date "2007.11.05"]
[Round "8.2"]
[White "Asrian, Karen"]
[Black "Mamedov, Rauf"]
[Result "1/2-1/2"]
[WhiteElo "2623"]
[BlackElo "2582"]
[PlyCount "51"]
[EventDate "2007.10.28"]
[EventType "team"]
[EventRounds "9"]
[EventCountry "GRE"]
[Source "lmi"]
[SourceDate "2007.10.28"]
[WhiteTeam "Armenia"]
[BlackTeam "Azerbaijan"]
[WhiteTeamCountry "ARM"]
[BlackTeamCountry "AZE"]

1. e4 c5 2. Nf3 Nc6 3. Bb5 g6 4. Bxc6 dxc6 5. d3 Bg7 6. h3 b6 7. O-O e5 8. a3
a5 9. Be3 Ne7 10. Qd2 h6 11. Nc3 f5 12. exf5 gxf5 13. Qe2 O-O 14. Nh4 Nd5 15.
Qh5 Nxc3 16. bxc3 f4 17. Bd2 Qg5 18. Qxg5 hxg5 19. Nf3 g4 20. hxg4 e4 21. dxe4
Bxg4 22. Rad1 b5 23. Bc1 Bxf3 24. gxf3 Rad8 25. c4 Be5 26. cxb5 1/2-1/2

[Event "European Team-ch 2007"]
[Site "Crete GRE"]
[Date "2007.11.05"]
[Round "8.3"]
[White "Beliavsky, Alexander G"]
[Black "Sutovsky, Emil"]
[Result "1/2-1/2"]
[WhiteElo "2646"]
[BlackElo "2655"]
[PlyCount "103"]
[EventDate "2007.10.28"]
[EventType "team"]
[EventRounds "9"]
[EventCountry "GRE"]
[Source "lmi"]
[SourceDate "2007.10.28"]
[WhiteTeam "Slovenija"]
[BlackTeam "Israel"]
[WhiteTeamCountry "SLO"]
[BlackTeamCountry "ISR"]

1. d4 Nf6 2. c4 g6 3. Nc3 d5 4. Nf3 Bg7 5. Bg5 Ne4 6. cxd5 Nxg5 7. Nxg5 e6 8.
Qd2 h6 9. Nf3 exd5 10. Qe3+ Be6 11. g3 O-O 12. Bg2 c5 13. Qd2 Nc6 14. dxc5 d4
15. Na4 Bc4 16. O-O Bb5 17. b3 d3 18. Nc3 Bxc3 19. Qxc3 dxe2 20. Rfc1 a5 21.
Nd2 Qd3 22. Qxd3 Bxd3 23. Bxc6 bxc6 24. f3 Rfe8 25. Kf2 Rad8 26. Ke1 Re5 27.
Rc3 Rh5 28. h4 g5 29. Ne4 Bxe4 30. fxe4 gxh4 31. Kxe2 hxg3 32. Rxg3+ Kf8 33.
Rag1 Ke7 34. Rg8 Rd4 35. Ke3 Rb4 36. Rf1 Re5 37. Rf4 f5 38. Rg6 Rexe4+ 39.
Rxe4+ Rxe4+ 40. Kf3 Re6 41. Rg7+ Kf6 42. Ra7 Kg5 43. Rxa5 f4 44. Ra8 Re3+ 45.
Kf2 Rc3 46. b4 Rc2+ 47. Kf3 Rc3+ 48. Kf2 h5 49. a4 Rc2+ 50. Kf3 Rc3+ 51. Kf2
Rc2+ 52. Kf3 1/2-1/2

[Event "European Team-ch 2007"]
[Site "Crete GRE"]
[Date "2007.11.05"]
[Round "8.3"]
[White "Tratar, Marko"]
[Black "Smirin, Ilia"]
[Result "1/2-1/2"]
[WhiteElo "2502"]
[BlackElo "2639"]
[PlyCount "133"]
[EventDate "2007.10.28"]
[EventType "team"]
[EventRounds "9"]
[EventCountry "GRE"]
[Source "lmi"]
[SourceDate "2007.10.28"]
[WhiteTeam "Slovenija"]
[BlackTeam "Israel"]
[WhiteTeamCountry "SLO"]
[BlackTeamCountry "ISR"]

1. Nf3 Nf6 2. c4 g6 3. Nc3 Bg7 4. e4 d6 5. d4 O-O 6. Be2 e5 7. d5 Na6 8. Nd2 h5
9. a3 Bh6 10. Nb3 Bxc1 11. Qxc1 Nb8 12. Qh6 a5 13. h3 Nh7 14. Nd2 Qg5 15. Qxg5
Nxg5 16. h4 Nh7 17. b3 c5 18. g3 Nf6 19. Nf1 Na6 20. Ne3 Bd7 21. Kd2 Rfe8 22.
f3 Kg7 23. Nb5 Bxb5 24. cxb5 Nb8 25. Nc4 Rd8 26. b4 axb4 27. axb4 Rxa1 28. Rxa1
cxb4 29. Ra8 Nc6 30. Rxd8 Nxd8 31. Nxd6 Nd7 32. Kd3 Nb6 33. g4 hxg4 34. fxg4
Kf6 35. h5 Kg5 36. Kc2 Nd7 37. Kb3 b6 38. Kxb4 Nc5 39. Bf3 Nd7 40. Kc4 Nc5 41.
Kc3 Nd7 42. Kd3 Nc5+ 43. Ke3 Nd7 44. Kf2 Nf6 45. Kg3 Nd7 46. Bd1 Nf6 47. Be2
Nd7 48. Kf2 Nf6 49. Ke3 Nd7 50. Bd1 Kh6 51. Bf3 Kg5 52. Nc8 Nb7 53. Be2 Kh6 54.
d6 Na5 55. Kf3 Nb3 56. Kg3 Nbc5 57. Bf3 Kg5 58. Kf2 Na4 59. Ke3 Nc3 60. Be2
Nxe2 61. Kxe2 gxh5 62. gxh5 Kxh5 63. Kf3 Kg5 64. Ne7 Kf6 65. Ke3 Ke6 66. Nc8 f5
67. exf5+ 1/2-1/2

[Event "European Team-ch 2007"]
[Site "Crete GRE"]
[Date "2007.11.05"]
[Round "8.4"]
[White "Ivanchuk, Vassily"]
[Black "Socko, Bartosz"]
[Result "1-0"]
[WhiteElo "2787"]
[BlackElo "2646"]
[PlyCount "125"]
[EventDate "2007.10.28"]
[EventType "team"]
[EventRounds "9"]
[EventCountry "GRE"]
[Source "lmi"]
[SourceDate "2007.10.28"]
[WhiteTeam "Ukraine"]
[BlackTeam "Poland"]
[WhiteTeamCountry "UKR"]
[BlackTeamCountry "POL"]

1. e4 e6 2. d4 d5 3. Nc3 Bb4 4. e5 c5 5. a3 Bxc3+ 6. bxc3 Qa5 7. Bd2 Qa4 8. Rb1
c4 9. Qc1 Nc6 10. Be2 f6 11. Nf3 b6 12. Bf4 Bd7 13. h4 O-O-O 14. h5 Rf8 15. Kf1
Be8 16. Rh3 Nge7 17. Kg1 Rhg8 18. Bh2 Kb7 19. Bd1 Nf5 20. Bf4 Ka6 21. Ra1 Bd7
22. Qd2 Qb5 23. Qc1 Qa4 24. Be2 Kb7 25. Qb2 Be8 26. Re1 Bd7 27. Bd1 Rf7 28. Qc1
Rff8 29. Kh2 Ka6 30. Rg1 Kb7 31. Rf1 Rf7 32. Re1 Ka6 33. Be2 Kb7 34. Bf1 Ka6
35. Kg1 Kb7 36. Rh2 Nfe7 37. Bd2 fxe5 38. Ng5 Rf5 39. g4 Rxg5 40. Bxg5 e4 41.
f3 exf3 42. Rf2 Nc8 43. Qf4 Qxa3 44. Qf7 N6e7 45. Rxf3 h6 46. Bxe7 Nxe7 47.
Rfe3 Kc7 48. Rxe6 Bxe6 49. Rxe6 Kd7 50. Re5 Qd6 51. Bg2 Qf6 52. Rxe7+ Qxe7 53.
Qxd5+ Kc7 54. Qxc4+ Kd7 55. Qc6+ Kd8 56. Qa8+ Kd7 57. Qxa7+ Kd8 58. Qa8+ Kd7
59. Qd5+ Kc7 60. Qc4+ Kd7 61. Bc6+ Kc7 62. Be4+ Kd7 63. Bf5+ 1-0

[Event "European Team-ch 2007"]
[Site "Crete GRE"]
[Date "2007.11.05"]
[Round "8.4"]
[White "Miton, Kamil"]
[Black "Karjakin, Sergey"]
[Result "1/2-1/2"]
[WhiteElo "2628"]
[BlackElo "2694"]
[PlyCount "57"]
[EventDate "2007.10.28"]
[EventType "team"]
[EventRounds "9"]
[EventCountry "GRE"]
[Source "lmi"]
[SourceDate "2007.10.28"]
[WhiteTeam "Poland"]
[BlackTeam "Ukraine"]
[WhiteTeamCountry "POL"]
[BlackTeamCountry "UKR"]

1. d4 d5 2. c4 c6 3. Nf3 Nf6 4. Nc3 e6 5. Bg5 h6 6. Bh4 dxc4 7. e4 g5 8. Bg3 b5
9. Be2 Bb7 10. O-O Nbd7 11. Ne5 Bg7 12. Nxd7 Nxd7 13. Bd6 a6 14. b4 Bf8 15.
Bxf8 Rxf8 16. e5 f5 17. exf6 Nxf6 18. Bg4 Qd6 19. Re1 Bc8 20. Bf3 Ra7 21. a4
Rg7 22. d5 cxd5 23. Bxd5 Re7 24. Bf3 Qxd1 25. Rexd1 bxa4 26. Rxa4 Kf7 27. b5
axb5 28. Nxb5 Kg7 29. Rxc4 1/2-1/2

[Event "European Team-ch 2007"]
[Site "Crete GRE"]
[Date "2007.11.05"]
[Round "8.4"]
[White "Volokitin, Andrei"]
[Black "Wojtaszek, Radoslaw"]
[Result "0-1"]
[WhiteElo "2678"]
[BlackElo "2635"]
[PlyCount "66"]
[EventDate "2007.10.28"]
[EventType "team"]
[EventRounds "9"]
[EventCountry "GRE"]
[Source "lmi"]
[SourceDate "2007.10.28"]
[WhiteTeam "Ukraine"]
[BlackTeam "Poland"]
[WhiteTeamCountry "UKR"]
[BlackTeamCountry "POL"]

1. e4 e5 2. Nf3 Nc6 3. Bb5 a6 4. Ba4 Nf6 5. O-O Be7 6. Re1 b5 7. Bb3 d6 8. c3
O-O 9. h3 Na5 10. Bc2 d5 11. d4 dxe4 12. Nxe5 c5 13. Bg5 Bb7 14. dxc5 Qc7 15.
Bxf6 Rad8 16. Qe2 Bxf6 17. Ng4 Bg5 18. Ne3 f5 19. b4 f4 20. Nf1 f3 21. gxf3 e3
22. fxe3 Rxf3 23. e4 Rdf8 24. Qg2 Bh4 25. Nbd2 Rxc3 26. Rec1 Bc8 27. bxa5 Qxc5+
28. Kh1 Rf2 29. Bb3+ Kh8 30. Rxc3 Qxc3 31. Qxf2 Bxf2 32. Rd1 Bxh3 33. Nh2 Qg3
0-1

[Event "European Team-ch 2007"]
[Site "Crete GRE"]
[Date "2007.11.05"]
[Round "8.4"]
[White "Bartel, Mateusz"]
[Black "Moiseenko, Alexander"]
[Result "1/2-1/2"]
[WhiteElo "2608"]
[BlackElo "2646"]
[PlyCount "61"]
[EventDate "2007.10.28"]
[EventType "team"]
[EventRounds "9"]
[EventCountry "GRE"]
[Source "lmi"]
[SourceDate "2007.10.28"]
[WhiteTeam "Poland"]
[BlackTeam "Ukraine"]
[WhiteTeamCountry "POL"]
[BlackTeamCountry "UKR"]

1. d4 Nf6 2. c4 e6 3. Nc3 Bb4 4. Qc2 O-O 5. a3 Bxc3+ 6. Qxc3 d6 7. Bg5 Nbd7 8.
e3 b6 9. Ne2 c5 10. Rd1 Qc7 11. Qc2 Ba6 12. Nc3 cxd4 13. Rxd4 h6 14. Bxf6 Nxf6
15. Qa4 Bb7 16. Nb5 Qe7 17. Nxd6 Rfd8 18. Qd1 e5 19. Rd2 Ne4 20. Nxe4 Bxe4 21.
f3 Rxd2 22. Qxd2 Rd8 23. Qc1 Bc6 24. Be2 Qh4+ 25. g3 Qh3 26. Kf2 h5 27. e4 f6
28. Qf1 Qc8 29. Qc1 Qh3 30. Qf1 Qc8 31. Qc1 1/2-1/2

[Event "European Team-ch 2007"]
[Site "Crete GRE"]
[Date "2007.11.05"]
[Round "8.5"]
[White "Berkes, Ferenc"]
[Black "Delchev, Aleksander"]
[Result "1/2-1/2"]
[WhiteElo "2606"]
[BlackElo "2613"]
[PlyCount "53"]
[EventDate "2007.10.28"]
[EventType "team"]
[EventRounds "9"]
[EventCountry "GRE"]
[Source "lmi"]
[SourceDate "2007.10.28"]
[WhiteTeam "Hungary"]
[BlackTeam "Bulgaria"]
[WhiteTeamCountry "HUN"]
[BlackTeamCountry "BUL"]

1. d4 Nf6 2. c4 e6 3. Nc3 Bb4 4. f3 d5 5. a3 Bxc3+ 6. bxc3 c5 7. cxd5 Nxd5 8.
dxc5 Qa5 9. e4 Ne7 10. Be3 O-O 11. Qb3 Qc7 12. Nh3 Nec6 13. Nf2 Na5 14. Qc2 e5
15. Be2 Be6 16. O-O Nd7 17. Rfb1 Nxc5 18. Rb5 Nd7 19. c4 a6 20. Rb4 Rfc8 21. a4
Bxc4 22. Bxc4 Nxc4 23. Rc1 b5 24. axb5 axb5 25. Rxb5 Qd8 26. Qe2 Nxe3 27. Qxe3
1/2-1/2

[Event "European Team-ch 2007"]
[Site "Crete GRE"]
[Date "2007.11.05"]
[Round "8.5"]
[White "Chatalbashev, Boris"]
[Black "Ruck, Robert"]
[Result "1/2-1/2"]
[WhiteElo "2581"]
[BlackElo "2561"]
[PlyCount "95"]
[EventDate "2007.10.28"]
[EventType "team"]
[EventRounds "9"]
[EventCountry "GRE"]
[Source "lmi"]
[SourceDate "2007.10.28"]
[WhiteTeam "Bulgaria"]
[BlackTeam "Hungary"]
[WhiteTeamCountry "BUL"]
[BlackTeamCountry "HUN"]

1. d4 d5 2. c4 c6 3. Nf3 Nf6 4. e3 Bg4 5. Nc3 e6 6. h3 Bxf3 7. Qxf3 Bb4 8. Bd2
Bxc3 9. Bxc3 Ne4 10. cxd5 exd5 11. Bd3 Nxc3 12. bxc3 Nd7 13. O-O Nf6 14. Rab1
Qe7 15. c4 O-O 16. Rfc1 Rad8 17. cxd5 Rxd5 18. Qe2 Rfd8 19. Qb2 R8d7 20. Qb4
Qxb4 21. Rxb4 Kf8 22. Ra4 a6 23. Rac4 Ke7 24. f4 h6 25. Kf2 Ne8 26. Kf3 Ra5 27.
a4 g5 28. g3 gxf4 29. gxf4 Rh5 30. Bf1 Rhd5 31. Rc5 f5 32. Bd3 Kf6 33. a5 Ng7
34. Rxd5 Rxd5 35. Rb1 Rd7 36. Bc4 Ne8 37. Rg1 Nd6 38. Bd3 Rg7 39. Rxg7 Kxg7 40.
Kg3 Kg6 41. Kh4 Kf6 42. Kg3 Ke6 43. Kf3 Ne8 44. Bc4+ Kf6 45. Ke2 Ke7 46. Kd2
Nf6 47. Bd3 Ke6 48. Bc4+ 1/2-1/2

[Event "European Team-ch 2007"]
[Site "Crete GRE"]
[Date "2007.11.05"]
[Round "8.6"]
[White "Navara, David"]
[Black "Bacrot, Etienne"]
[Result "1/2-1/2"]
[WhiteElo "2656"]
[BlackElo "2695"]
[PlyCount "56"]
[EventDate "2007.10.28"]
[EventType "team"]
[EventRounds "9"]
[EventCountry "GRE"]
[Source "lmi"]
[SourceDate "2007.10.28"]
[WhiteTeam "Czech Republic"]
[BlackTeam "France"]
[WhiteTeamCountry "CZE"]
[BlackTeamCountry "FRA"]

1. e4 e5 2. Nf3 Nc6 3. Bb5 a6 4. Ba4 Nf6 5. O-O Be7 6. Re1 b5 7. Bb3 O-O 8. h3
Bb7 9. d3 d6 10. a3 Na5 11. Ba2 c5 12. Nc3 Nc6 13. Nh2 Qd7 14. Nf1 Rae8 15. f4
Nd4 16. fxe5 dxe5 17. Bg5 Kh8 18. Ne3 Ng4 19. Bxe7 Nxe3 20. Rxe3 Qxe7 21. Bd5
f5 22. exf5 b4 23. Bxb7 bxc3 24. Be4 cxb2 25. Rb1 Qg5 26. Re1 Rb8 27. c3 Nxf5
28. Qg4 Qxg4 1/2-1/2

[Event "European Team-ch 2007"]
[Site "Crete GRE"]
[Date "2007.11.05"]
[Round "8.6"]
[White "Tkachiev, Vladislav"]
[Black "Laznicka, Viktor"]
[Result "1/2-1/2"]
[WhiteElo "2661"]
[BlackElo "2610"]
[PlyCount "96"]
[EventDate "2007.10.28"]
[EventType "team"]
[EventRounds "9"]
[EventCountry "GRE"]
[Source "lmi"]
[SourceDate "2007.10.28"]
[WhiteTeam "France"]
[BlackTeam "Czech Republic"]
[WhiteTeamCountry "FRA"]
[BlackTeamCountry "CZE"]

1. c4 e5 2. Nc3 Nf6 3. Nf3 Nc6 4. g3 Nd4 5. Bg2 Nxf3+ 6. Bxf3 Bc5 7. O-O O-O 8.
Na4 d6 9. Nxc5 dxc5 10. d3 a5 11. Bd2 Ra7 12. Bg2 Re8 13. Bc3 Qe7 14. e4 Nd7
15. f4 Ra6 16. Bh3 Rh6 17. Bxd7 Qxd7 18. Qf3 exf4 19. Qxf4 a4 20. Qg5 Rg6 21.
Qxc5 Qxd3 22. Qxc7 Be6 23. Rad1 Qe3+ 24. Rf2 h5 25. Qf4 Qc5 26. Rd4 Bxc4 27.
Qf5 Qc6 28. Qxh5 Bxa2 29. Qf3 b5 30. e5 Qc5 31. Rf4 Bd5 32. Qd3 Bc4 33. Qd4 Qc8
34. Rd2 Qa8 35. Qe4 a3 36. Qxa8 Rxa8 37. bxa3 Rxa3 38. Rd8+ Kh7 39. Bd2 Rh6 40.
Rxc4 bxc4 41. Bxh6 Kxh6 42. Rc8 Rc3 43. Kf2 Kg6 44. Rc7 Rc2+ 45. Kf3 c3 46. h4
Rc1 47. g4 c2 48. Kg2 Kh7 1/2-1/2

[Event "European Team-ch 2007"]
[Site "Crete GRE"]
[Date "2007.11.05"]
[Round "8.6"]
[White "Bauer, Christian"]
[Black "Babula, Vlastimil"]
[Result "1-0"]
[WhiteElo "2634"]
[BlackElo "2596"]
[PlyCount "93"]
[EventDate "2007.10.28"]
[EventType "team"]
[EventRounds "9"]
[EventCountry "GRE"]
[Source "lmi"]
[SourceDate "2007.10.28"]
[WhiteTeam "France"]
[BlackTeam "Czech Republic"]
[WhiteTeamCountry "FRA"]
[BlackTeamCountry "CZE"]

1. e4 c5 2. Nf3 d6 3. c3 Nf6 4. h3 g6 5. Bd3 Bg7 6. Bc2 Nc6 7. d4 cxd4 8. cxd4
Nb4 9. Ba4+ Bd7 10. Nc3 O-O 11. Bb3 d5 12. e5 Ne4 13. O-O Be8 14. Re1 Nxc3 15.
bxc3 Nc6 16. e6 f6 17. Nh2 Na5 18. Qf3 Bc6 19. Ng4 Nc4 20. Nh6+ Bxh6 21. Bxh6
Re8 22. h4 Kh8 23. h5 Rg8 24. hxg6 Rxg6 25. Bf4 Rg7 26. g3 Rc8 27. Kg2 Be8 28.
Bc2 Nd6 29. Bxd6 Qxd6 30. Rh1 Bg6 31. Bxg6 Rxg6 32. Rae1 Rcg8 33. Rh5 Rg5 34.
Reh1 R8g7 35. Rxg5 Rxg5 36. Qd3 f5 37. Re1 f4 38. Qf3 Rg6 39. Re5 Rxe6 40. Rxd5
Qb8 41. Rd7 fxg3 42. fxg3 Qg8 43. d5 Re5 44. c4 h5 45. Qf4 Qg7 46. Rxb7 Kg8 47.
Rxa7 1-0

[Event "European Team-ch 2007"]
[Site "Crete GRE"]
[Date "2007.11.05"]
[Round "8.7"]
[White "Jones, Gawain C B"]
[Black "Gelashvili, Tamaz"]
[Result "1-0"]
[WhiteElo "2567"]
[BlackElo "2623"]
[PlyCount "51"]
[EventDate "2007.10.28"]
[EventType "team"]
[EventRounds "9"]
[EventCountry "GRE"]
[Source "lmi"]
[SourceDate "2007.10.28"]
[WhiteTeam "England"]
[BlackTeam "Georgia"]
[WhiteTeamCountry "ENG"]
[BlackTeamCountry "GEO"]

1. e4 c5 2. Nc3 Nc6 3. f4 g6 4. Nf3 Bg7 5. Bb5 Nd4 6. O-O e6 7. e5 a6 8. Bd3 d5
9. Nxd4 cxd4 10. Ne2 Qb6 11. Qe1 Ne7 12. b3 Nc6 13. Bb2 O-O 14. Nxd4 Nb4 15.
Qe3 Nxd3 16. Qxd3 Bd7 17. Qe3 a5 18. Ba3 Rfc8 19. Be7 a4 20. b4 a3 21. c3 Rc4
22. Rf3 Bf8 23. Bf6 Bxb4 24. Rh3 h5 25. f5 Rxd4 26. Qh6 1-0

[Event "European Team-ch 2007"]
[Site "Crete GRE"]
[Date "2007.11.05"]
[Round "8.7"]
[White "Pantsulaia, Levan"]
[Black "Hebden, Mark L"]
[Result "1-0"]
[WhiteElo "2617"]
[BlackElo "2542"]
[PlyCount "107"]
[EventDate "2007.10.28"]
[EventType "team"]
[EventRounds "9"]
[EventCountry "GRE"]
[Source "lmi"]
[SourceDate "2007.10.28"]
[WhiteTeam "Georgia"]
[BlackTeam "England"]
[WhiteTeamCountry "GEO"]
[BlackTeamCountry "ENG"]

1. Nf3 Nf6 2. c4 g6 3. g3 Bg7 4. Bg2 O-O 5. O-O d6 6. d4 Nc6 7. Nc3 Rb8 8. d5
Na5 9. Nd2 Nd7 10. Qc2 Ne5 11. b3 c6 12. Bb2 b5 13. dxc6 bxc4 14. Nd5 Rb5 15.
c7 Qd7 16. f4 Bb7 17. e4 Bxd5 18. exd5 cxb3 19. axb3 Rc5 20. Qb1 Qxc7 21. fxe5
dxe5 22. Kh1 Rb8 23. Qa2 Rcb5 24. Rfc1 Qd7 25. b4 Rxb4 26. Bc3 Nb3 27. Rcb1 e4
28. Bxb4 Nxa1 29. Bc3 Rxb1+ 30. Nxb1 Qg4 31. h3 Qd1+ 32. Kh2 Nc2 33. Bxg7 Kxg7
34. Qb2+ Nd4 35. Nd2 Qa4 36. Nxe4 a5 37. Qb8 Qb4 38. Qe5+ f6 39. Qc7 Nb5 40.
Qd8 Kf7 41. Qb6 Nd6 42. Nxd6+ Qxd6 43. Qxa5 g5 44. Qa4 h5 45. h4 Qe5 46. Qe4
Qxe4 47. Bxe4 gxh4 48. gxh4 e6 49. d6 f5 50. Bd3 Ke8 51. Bb5+ Kf7 52. Bd7 f4
53. Kg2 Kf6 54. Bc8 1-0